000 00879nam a2200193 i 4500
001 102091
003 ES-MaACL
007 t|
008 051103m19051906sp ||||1| spa d
245 0 0 _aMemoria del Perú en el arbitraje sobre sus límites con el Ecuador /
_cpresentada por D. Mariano H. Cornejo y D. Felipe de Osuna, plenipotenciários del Perú.
260 _aMadrid :
_bHijos de M. G. Hernández,
_c1905-06.
300 _a12 v. ;
_c27 cm.
505 8 _aContiene: Memoria del Perú, 4 vol.-- Mapas presentados con la memoria del Perú, 1 caja con 16 map. pleg.-- Documentos anexos a la Memoria del Perú, 6 vol.-- Apéndices a la Memoria del Perú, 1 vol.
651 4 _aEcuador-
_xFronteras-
_zPerú.
_98133
651 4 _aPerú-
_xFronteras-
_zEcuador.
_99222
700 1 _aCornejo, Mariano H.
_940610
700 1 _aOsuna, Felipe de.
_987837
852 _aES-MaACL
_jG-6640-51
999 _c102091
_d102091